[Event "Summer Cup"]
[Site "Wellington Chess Club"]
[Date "2021.02.25"]
[Round "5.12"]
[White "Zaslow, Henry"]
[Black "Chen, Wei Kai"]
[Result "1/2-1/2"]
[WhiteElo "1500"]
[BlackElo "1929"]

1. e4 e5 2. Nf3 Nc6 3. Bb5 Bc5 4. O-O d6 5. c3 Bd7 6. d4 Bb6 7. Bg5 f6 8. Be3
Qe7 9. Re1 O-O-O 10. Nbd2 Nh6 11. Nc4 f5 12. Bg5 Qf7 13. Bxd8 Rxd8 14. Nxb6+
axb6 15. Qb3 Qg6 16. exf5 Nxf5 17. dxe5 Be6 18. Bc4 d5 19. Bd3 Qh5 20. Qd1 Qh6
21. Qd2 Qh5 22. Ng5 Qh6 23. Rad1 Rf8 24. Qf4 Rf7 25. Nxe6 Qxe6 26. Bxf5 Rxf5
27. Qg4 g6 28. f4 g5 29. Rxd5 h5 30. Qh3 g4 31. Qd3 Rxf4 32. Rd1 Kb8 33. c4 Rf8
34. Rf1 Rxf1+ 35. Qxf1 Qh6 36. e6 Qe3+ 37. Kh1 Qxe6 38. Rxh5 Qg6 39. Rh8+ Ka7
40. Rf8 g3 41. hxg3 Qh5+ 42. Kg1 Qc5+ 43. Qf2 Qxc4 44. Rf4 Qxa2 45. Rf3 Qb1+
46. Kh2 Qh7+ 47. Kg1 Qb1+ 48. Kh2 Qh7+ 1/2-1/2

[Event "Summer Cup"]
[Site "Wellington Chess Club"]
[Date "2021.02.25"]
[Round "5.13"]
[White "Hall, Nathan"]
[Black "Rudykh, Dmitry"]
[Result "1-0"]
[WhiteElo "1867"]
[BlackElo "1500"]

1. e4 e5 2. Nf3 Nc6 3. Bc4 Bc5 4. c3 a6 5. O-O d6 6. d4 exd4 7. cxd4 Ba7 8. Nc3
h6 9. Qb3 Qf6 10. Nd5 Qd8 11. e5 b5 12. Bd3 Nxd4 13. Nxd4 dxe5 14. Nc6 Qd6 15.
Nxa7 Rxa7 16. Be3 Ra8 17. Rac1 Be6 18. Nxc7+ Kd7 19. Bxb5+ axb5 20. Qxb5+ Kd8
21. Qe8# 1-0

[Event "Summer Cup"]
[Site "Wellington Chess Club"]
[Date "2021.02.25"]
[Round "5.14"]
[White "Pendharkar, Ajit"]
[Black "Stone, Andrew"]
[Result "0-1"]
[WhiteElo "1605"]
[BlackElo "2037"]

1. e4 c5 2. Nc3 g6 3. f4 Bg7 4. Nf3 d6 5. Bc4 Nf6 6. O-O O-O 7. d3 Nc6 8. Qe1
e6 9. a3 a6 10. f5 d5 11. Ba2 Nd4 12. Nxd4 cxd4 13. Ne2 dxe4 14. fxg6 fxg6 15.
Bg5 Qd6 16. Qh4 Qe5 17. Rf2 Bd7 18. Raf1 e3 19. Rf3 Nd5 20. c4 dxc3 21. d4 Qc7
22. Bxd5 exd5 23. bxc3 Bb5 24. Re1 Rxf3 25. gxf3 Rf8 26. Kg2 Bxe2 27. Rxe2 Qxc3
28. Bxe3 Qxa3 29. Qg4 Qe7 30. Kf2 Re8 31. f4 Qe4 32. Ke1 b5 33. Bf2 Qxe2+ 34.
Qxe2 Rxe2+ 35. Kxe2 Kf7 36. Kd3 Ke6 37. Kc3 Bf8 38. Kd3 Kf5 39. Ke3 Bd6 40. Bg3
a5 0-1

[Event "Summer Cup"]
[Site "Wellington Chess Club"]
[Date "2021.02.25"]
[Round "5.15"]
[White "Jackson, Ross"]
[Black "Malcolm, Aidan"]
[Result "1-0"]
[WhiteElo "2006"]
[BlackElo "1500"]

1. d4 d5 2. c4 e6 3. Nc3 Be7 4. Nf3 Nf6 5. cxd5 exd5 6. Bg5 h6 7. Bh4 O-O 8. e3
c6 9. Bd3 Ne4 10. Bxe7 Qxe7 11. Qc2 Re8 12. O-O b6 13. b4 Nxc3 14. Qxc3 Ba6 15.
Bxa6 Nxa6 16. a3 Qf6 17. Qd3 Nc7 18. Rac1 Re6 19. a4 b5 20. a5 Na6 21. Qd2 Rae8
22. Ne5 Qe7 23. Nd3 Rg6 24. Nf4 Rf6 25. Nxd5 Qd6 26. Nxf6+ gxf6 27. Rb1 Kh8 28.
e4 Kh7 29. Rb3 Rg8 30. Rh3 Rg6 31. Rb1 c5 32. bxc5 Nxc5 33. Qe3 Ne6 34. d5 Ng5
35. Rg3 Qe5 36. Re1 Qb2 37. h4 Qb4 38. hxg5 fxg5 39. Qc3 Qd6 40. Rf3 Rg7 41.
Rf6 Qd8 42. Qc6 1-0

[Event "Summer Cup"]
[Site "Wellington Chess Club"]
[Date "2021.02.25"]
[Round "5.16"]
[White "Croad, Simon"]
[Black "Brockway, Andrew"]
[Result "0-1"]
[WhiteElo "1500"]
[BlackElo "1817"]

1. d4 Nf6 2. c4 e6 3. Nf3 Bb4+ 4. Bd2 Qe7 5. g3 O-O 6. Bg2 Bxd2+ 7. Nbxd2 d6 8.
O-O e5 9. e4 Bg4 10. d5 Nbd7 11. Qc2 Bxf3 12. Bxf3 a5 13. a3 a4 14. b4 axb3 15.
Nxb3 b6 16. a4 Nc5 17. Nxc5 dxc5 18. Rfd1 Ra5 19. Bg2 Ne8 20. f4 Nd6 21. f5
Rfa8 22. Rf1 f6 23. Ra3 Qe8 24. Rfa1 b5 25. cxb5 Nxb5 26. Rb3 Nd4 27. Qc4 Rxa4
0-1

[Event "Summer Cup"]
[Site "Wellington Chess Club"]
[Date "2021.02.25"]
[Round "5.17"]
[White "De Silva, Shashika"]
[Black "Langford, Josh"]
[Result "1-0"]
[WhiteElo "1500"]
[BlackElo "1680"]

1. e4 c6 2. d4 d5 3. e5 c5 4. Nc3 Bf5 5. Nf3 Nc6 6. Bd3 Bxd3 7. Qxd3 e6 8. dxc5
Bxc5 9. O-O Nge7 10. Na4 Bb6 11. Nxb6 Qxb6 12. c3 Ng6 13. Re1 O-O 14. b3 Qc7
15. Ba3 Rfc8 16. Bd6 Qd7 17. Ba3 f6 18. exf6 gxf6 19. Nd4 Nxd4 20. cxd4 Rc6 21.
Rac1 Rac8 22. Rxc6 Rxc6 23. Qg3 Rc7 24. h4 Kh8 25. h5 Ne7 26. Bxe7 Qxe7 27. h6
Rc8 28. Rxe6 Qf7 29. Re1 Rg8 30. Qe3 b6 31. Rc1 Re8 32. Qf4 Kg8 33. g3 Kf8 34.
Rc7 Qe6 35. Rxh7 1-0

[Event "Summer Cup"]
[Site "Wellington Chess Club"]
[Date "2021.02.25"]
[Round "5.18"]
[White "Osborne, Geoff"]
[Black "Ackroyd, William"]
[Result "0-1"]
[WhiteElo "1252"]
[BlackElo "1670"]

1. Nf3 d5 2. g3 Nd7 3. Bg2 e5 4. d3 Bd6 5. O-O Ne7 6. Nbd2 c6 7. e4 d4 8. Re1
O-O 9. Nf1 Nc5 10. h4 Bg4 11. N1h2 Bd7 12. Ng5 h6 13. Nh3 Qc8 14. Ng5 hxg5 15.
hxg5 g6 16. Bf3 Kg7 17. Ng4 Bxg4 18. Bxg4 Ne6 19. c3 c5 20. b4 cxb4 21. cxd4
Qc3 22. Rb1 Nxd4 23. Bb2 Qc2 24. Qxc2 Nxc2 25. Rf1 Rh8 26. Rbc1 Nd4 27. f4 Ndc6
28. f5 f6 29. gxf6+ Kxf6 30. fxg6+ Kxg6 31. Rf2 Raf8 32. Bd7 Rxf2 33. Kxf2 Rh2+
0-1

[Event "Summer Cup"]
[Site "Wellington Chess Club"]
[Date "2021.02.25"]
[Round "5.19"]
[White "Shyamsundar, Tejas"]
[Black "Keay, Matt"]
[Result "1-0"]
[WhiteElo "1647"]
[BlackElo "1500"]

1. Nf3 d5 2. d4 Nf6 3. c4 dxc4 4. Nc3 e6 5. a3 c5 6. Qa4+ Nc6 7. dxc5 Bxc5 8.
Qxc4 Qb6 9. e3 O-O 10. Na4 Qa5+ 11. Bd2 Bb4 12. axb4 Qh5 13. Bd3 Bd7 14. Nc5
Ne5 15. Nxe5 Qxe5 16. Bc3 Qg5 17. O-O Bc6 18. Ne4 Qg6 19. Nxf6+ gxf6 1-0

[Event "Summer Cup"]
[Site "Wellington Chess Club"]
[Date "2021.02.25"]
[Round "5.20"]
[White "Sole, Michael"]
[Black "Carlyle, Mathieson"]
[Result "1-0"]
[WhiteElo "1986"]
[BlackElo "1500"]

1. d4 d5 2. c4 e6 3. Nc3 c5 4. cxd5 cxd4 5. Qxd4 Nc6 6. Qa4 exd5 7. Bd2 Nf6 8.
Nf3 Bd7 9. Qd1 Bc5 10. Rc1 h6 11. Na4 Bd6 12. e3 Ne4 13. Be2 Nxd2 14. Qxd2 Bb4
15. Nc3 Be6 16. O-O Ba5 17. a3 Bc7 18. Rfd1 Ne7 19. Bb5+ Kf8 20. Be2 a6 21. Na4
Qd6 22. Nc5 Bc8 23. Nd3 b6 24. Qc2 Bb8 25. Qxc8+ Nxc8 26. Rxc8+ Ke7 27. Rxh8 g5
28. Rc1 g4 29. Nfe5 f6 30. Rc6 fxe5 31. Rh7+ Ke6 32. Bxg4+ Kf6 33. Rxh6+ Kg5
34. Rhxd6 Bxd6 35. Rxd6 Kxg4 36. Nxe5+ Kf5 37. Nc6 Rc8 38. Ne7+ 1-0

[Event "Summer Cup"]
[Site "Wellington Chess Club"]
[Date "2021.02.25"]
[Round "5.21"]
[White "Jones, Christopher"]
[Black "Jelley, Arch"]
[Result "1-0"]
[WhiteElo "1500"]
[BlackElo "1910"]

1. d4 g6 2. c4 Nf6 3. Nc3 d6 4. Bf4 Bg7 5. Nf3 O-O 6. e3 c5 7. dxc5 dxc5 8. Be2
a6 9. O-O Nc6 10. Qxd8 Rxd8 11. Rfd1 Be6 12. Rd2 Rxd2 13. Nxd2 Rd8 14. Rd1 Nb4
15. Nb3 Rxd1+ 16. Bxd1 Nd3 17. Be2 Nxb2 18. Nxc5 Bxc4 19. Bxc4 Nxc4 20. Nxb7
Nh5 21. Nd5 e5 22. Bg3 Nxg3 23. hxg3 Bf8 24. f4 f5 25. fxe5 Nxe5 26. Nc7 Nc4
27. Nxa6 Nxe3 28. a4 Nd5 29. a5 Nb4 30. Nxb4 Bxb4 31. a6 Bc3 32. Nd8 Bd4+ 33.
Kf1 h5 34. Nc6 Bb6 35. a7 Bxa7 36. Nxa7 Kf7 37. Nc6 g5 38. Kf2 Kf6 39. Kf3 Ke6
40. Nd4+ Ke5 41. Ke3 Kf6 42. Nf3 Kg6 43. Kd4 Kf6 44. Kd5 g4 45. Nh4 Kg5 46. Ke5
f4 47. gxf4+ Kxh4 48. f5 Kg3 49. f6 Kxg2 50. f7 g3 51. f8=Q h4 52. Kf4 Kh2 53.
Kf3 h3 54. Qf4 Kh1 1-0

[Event "Summer Cup"]
[Site "Wellington Chess Club"]
[Date "2021.02.25"]
[Round "5.22"]
[White "Asher, Bruce"]
[Black "Aldridge, Alan"]
[Result "0-1"]
[WhiteElo "1193"]
[BlackElo "1826"]

1. e4 e5 2. Nf3 Nc6 3. Nc3 Nf6 4. Bc4 Bc5 5. O-O O-O 6. d3 a6 7. h3 d6 8. Qe2
h6 9. Be3 Ba7 10. a4 Be6 11. Rfd1 Qe7 12. g4 Nd4 13. Bxd4 exd4 14. Nd5 Bxd5 15.
g5 hxg5 16. Nxg5 Bxc4 17. dxc4 Rfe8 18. f3 d3+ 0-1

[Event "Summer Cup"]
[Site "Wellington Chess Club"]
[Date "2021.02.25"]
[Round "5.23"]
[White "Milne, Josef"]
[Black "Webster, Jamie"]
[Result "0-1"]
[WhiteElo "1500"]
[BlackElo "1720"]

1. d4 d5 2. c4 c6 3. Nc3 Nf6 4. Bg5 dxc4 5. e3 b5 6. a4 b4 7. Na2 Ne4 8. Bf4 b3
9. Nc3 Nxc3 10. bxc3 Qa5 11. Qd2 Ba6 12. Nf3 Nd7 13. Be2 e6 14. O-O Be7 15. Qb2
O-O 16. Nd2 Nb6 17. Bc7 Nxa4 18. Bxa5 Nxb2 19. Nxb3 cxb3 20. Bxa6 c5 21. Rfb1
cxd4 22. cxd4 Nd1 23. Rxd1 b2 24. Rab1 Rab8 25. Rd2 Ba3 26. Bc3 Rb6 27. Be2
Rfb8 28. h3 g6 29. Bf3 Rb3 30. Ba5 R3b5 31. Bc7 Rc8 32. Rc2 Bd6 33. Rcxb2 Rxb2
34. Rxb2 Rxc7 35. Kf1 Kg7 36. Ke2 a5 37. Kd3 Bb4 38. Rc2 Rxc2 39. Kxc2 Be1 40.
e4 Bxf2 41. d5 exd5 42. exd5 Bc5 43. Kc3 a4 44. Bd1 a3 45. Bb3 Kf6 46. Kd3 Bd6
47. Ke4 Kg5 48. Kf3 f5 49. Ba2 Kh4 50. Bb1 Kg5 51. Ba2 Kf6 52. g4 f4 0-1

[Event "Summer Cup"]
[Site "Wellington Chess Club"]
[Date "2021.02.25"]
[Round "5.24"]
[White "Marney, John"]
[Black "Chaturvedi, Vivaan"]
[Result "1-0"]
[WhiteElo "1638"]
[BlackElo "1500"]

1. e4 c5 2. Nf3 Nc6 3. d4 cxd4 4. Nxd4 Nxd4 5. Qxd4 Nf6 6. c4 g6 7. Nc3 Bg7 8.
Be2 O-O 9. O-O d6 10. Qd3 Qb6 11. Rb1 e5 12. Be3 Qc7 13. Nb5 Qc6 14. Nc3 Be6
15. Rfd1 Rfd8 16. b3 a6 17. Rbc1 Rac8 18. f3 Qd7 19. Bb6 Re8 20. Qxd6 Qxd6 21.
Rxd6 Bf8 22. Rd3 Rc6 23. Be3 Rec8 24. Rcd1 b5 25. Nd5 Nxd5 26. cxd5 Rc2 27. Kf2
Bd7 28. R1d2 Bb4 29. Rxc2 Rxc2 30. Rd1 Rxa2 31. Rc1 Ba5 32. Bc5 Rb2 33. b4 Bc7
34. d6 Bb8 35. Rd1 Ra2 36. Bb6 Rc2 37. Ke3 Rc6 38. Bc5 Kg7 39. h4 Kf6 40. g3
Ke6 41. f4 exf4+ 42. Kxf4 Bxd6+ 43. Bxd6 Rxd6 44. Bg4+ Ke7 45. Bxd7 Rxd7 46.
Rc1 Ra7 47. Ra1 Ke6 48. g4 f6 49. g5 fxg5+ 50. hxg5 Kf7 51. e5 Kg7 52. e6 h6
53. gxh6+ Kxh6 54. Ke5 Kg7 55. Kd6 Kf8 56. Rc1 g5 57. Rc8+ Kg7 58. e7 g4 59.
e8=Q g3 60. Rc7+ Rxc7 61. Kxc7 g2 62. Qe1 1-0

[Event "Summer Cup"]
[Site "Wellington Chess Club"]
[Date "2021.02.25"]
[Round "5.25"]
[White "Darr, Samuel"]
[Black "Moreno, Cristian"]
[Result "1-0"]
[WhiteElo "1632"]
[BlackElo "1500"]

1. e4 c5 2. Nf3 a6 3. d4 cxd4 4. Nxd4 Nf6 5. Nc3 Nc6 6. Be3 e5 7. Nf5 b5 8.
Nd6+ Bxd6 9. Qxd6 Qe7 10. Bc5 b4 11. Nd5 Nxd5 12. exd5 Qxd6 13. Bxd6 Ne7 14.
Bxb4 Nxd5 15. Bd6 f6 16. Be2 Ne7 17. Bf3 Ra7 18. Bb8 Nc6 19. Bxc6 dxc6 20. Bxa7
O-O 21. O-O-O Be6 22. Rd6 Bd5 23. Bc5 Bxg2 24. Rg1 Bd5 25. Rd7 g6 26. Bxf8 Kxf8
27. Rxh7 g5 28. Rg3 Bf7 29. Rf3 Ke7 30. Rb3 Ke6 31. Rb7 Bg6 32. Rhe7+ Kf5 33.
Rb6 Bh5 34. Rxc6 Kf4 35. Rxf6+ Ke4 36. Rd7 Be2 37. Kd2 Bf3 38. Rd3 g4 39. h3
1-0

[Event "Summer Cup"]
[Site "Wellington Chess Club"]
[Date "2021.02.25"]
[Round "5.26"]
[White "Farrington, Lawrence"]
[Black "Wang, Cheng Qi(Max)"]
[Result "1-0"]
[WhiteElo "1611"]
[BlackElo "1034"]

1. e4 e6 2. d4 d5 3. Nc3 Bb4 4. e5 c5 5. a3 Bxc3+ 6. bxc3 cxd4 7. cxd4 Nc6 8.
Nf3 Nge7 9. Bd3 O-O 10. O-O Bd7 11. Rb1 b6 12. c3 Qc7 13. Bd2 Rac8 14. Ba6 Rcd8
15. Bd3 Rc8 16. Ng5 h6 17. Qh5 Nf5 18. Nf3 Nce7 19. Qh3 Rfe8 20. g4 Nxd4 21.
cxd4 Kf8 22. Bb4 a5 23. Bd6 Qc6 24. Ba6 Ra8 25. Rfc1 Qxc1+ 26. Rxc1 Rxa6 27.
Qf1 Ra7 28. Qd3 Rc8 29. Rxc8+ Bxc8 30. Qh7 Ke8 31. Qxg7 b5 32. Qxh6 b4 33. axb4
a4 34. Qd2 a3 35. Qa2 Bb7 36. Nd2 Bc6 37. Bc5 Ra4 38. Kf1 Bb5+ 39. Ke1 Nc6 40.
f3 1-0

[Event "Summer Cup"]
[Site "Wellington Chess Club"]
[Date "2021.02.25"]
[Round "5.27"]
[White "Kibblewhite, Daniel"]
[Black "Ashe, Michael"]
[Result "1-0"]
[WhiteElo "1639"]
[BlackElo "1816"]

1. d4 Nf6 2. c4 e6 3. Nf3 d5 4. Nc3 Bb4 5. Qa4+ Nc6 6. Ne5 Bd7 7. Nxc6 Bxc3+ 8.
bxc3 Bxc6 9. Qb4 dxc4 10. e3 b5 11. a4 a6 12. axb5 axb5 13. Rxa8 Qxa8 14. Ba3
Qd8 15. Qc5 Qd7 16. f3 Nd5 17. Kd2 Nb6 18. Be2 f6 19. Ra1 Kf7 20. Bd1 Ra8 21.
Qh5+ Kg8 22. Bc2 f5 23. e4 fxe4 24. fxe4 Qf7 25. Qxf7+ Kxf7 26. Rf1+ Kg8 27.
Bb4 Nd7 28. g3 Ra2 29. Rf4 Nf6 30. e5 Nd7 31. Kc1 Bd5 32. Kb1 Ra8 33. Rh4 g6
34. Rf4 Rc8 35. Kb2 c5 36. Ba3 cxd4 37. Rxd4 Nxe5 38. Be4 Nc6 39. Rxd5 exd5 40.
Bxd5+ Kg7 41. Bd6 Na5 42. Be5+ Kh6 43. h4 Re8 44. Bf4+ Kg7 45. Bf3 Re7 46. Ka3
Nb3 47. Kb4 Rd7 48. Bc6 Rd8 49. Kxb5 Nd2 50. Kb4 Kf6 51. Bg5+ 1-0

[Event "Summer Cup"]
[Site "Wellington Chess Club"]
[Date "2021.02.25"]
[Round "5.28"]
[White "Dunlop, Rafe"]
[Black "Dixon, Hamish"]
[Result "0-1"]
[WhiteElo "1376"]
[BlackElo "1724"]

1. e4 c5 2. Nf3 d6 3. d4 cxd4 4. Nxd4 Nf6 5. Nc3 g6 6. Bc4 Bg7 7. h3 Nc6 8. Nf3
Ne5 9. Bb5+ Bd7 10. Bxd7+ Qxd7 11. Bg5 O-O 12. O-O h6 13. Bf4 Nc4 14. b3 Nh5
15. Bd2 Nxd2 16. Qxd2 Rac8 17. Nd5 Bxa1 18. Rxa1 Kh7 19. g4 Ng7 20. c4 Ne8 21.
Kg2 f5 22. exf5 gxf5 23. gxf5 Qxf5 24. Qe3 e6 25. Ne7 Qf6 26. Nxc8 Qxa1 27.
Qxe6 Qg7+ 28. Kh2 Rxf3 29. Qe4+ Kh8 30. Qxf3 a6 31. Qg3 Qc7 32. Qc3+ Ng7 33.
Na7 b6 34. Qf6 Qxa7 35. Qxh6+ Kg8 36. Qxd6 Kf7 37. b4 Ne6 38. h4 Qb7 39. Qd5
Qc7+ 40. Kg1 Qf4 41. h5 Qg4+ 42. Kf1 Kf6 43. c5 Qh3+ 44. Ke2 Nf4+ 0-1

[Event "Summer Cup"]
[Site "Wellington Chess Club"]
[Date "2021.02.25"]
[Round "5.29"]
[White "Stracy, Don"]
[Black "Qu, Lucas"]
[Result "1-0"]
[WhiteElo "1686"]
[BlackElo "1500"]

1. e4 e5 2. Nf3 d6 3. Bc4 Nc6 4. O-O g6 5. c3 Bg4 6. h3 Bxf3 7. Qxf3 Qf6 8.
Qxf6 Nxf6 9. d3 Bg7 10. Be3 O-O 11. a3 a6 12. Nd2 Rfe8 13. Rae1 h6 14. f4 Rad8
15. Nf3 b5 16. Ba2 Nd7 17. Nh4 d5 18. exd5 exf4 19. dxc6 fxe3 20. cxd7 Rxd7 21.
Nxg6 Kh7 22. Nh4 Rxd3 23. Bxf7 Red8 24. Bg6+ Kg8 25. Bxd3 Rxd3 26. Nf5 b4 27.
axb4 Rd2 28. Nxg7 Kxg7 29. Rxe3 Rxb2 30. Re7+ Kg6 31. Rxc7 Re2 32. Rc6+ Kg7 33.
Rxa6 Re3 34. Rf3 Re1+ 35. Kf2 Re4 36. Rc6 Re5 37. c4 Re7 38. c5 Rd7 39. b5 Kg8
40. Rxh6 Rb7 41. b6 Kg7 42. Rc6 Kg8 43. Rc7 Rb8 44. b7 Rd8 45. Rc8 Rxc8 46.
bxc8=Q+ Kg7 47. Qg4+ Kh6 48. Rf6+ Kh7 49. Qg6+ Kh8 50. Rf8# 1-0

[Event "Summer Cup"]
[Site "Wellington Chess Club"]
[Date "2021.02.25"]
[Round "5.30"]
[White "Rudykh, Richard"]
[Black "Bennett, Ezra"]
[Result "0-1"]
[WhiteElo "1500"]
[BlackElo "1399"]

1. e4 Nf6 2. e5 Nd5 3. Bc4 Nb6 4. Be2 d6 5. d4 g6 6. h3 Bg7 7. Nf3 O-O 8. O-O
f6 9. Bf4 Nc6 10. exd6 cxd6 11. d5 Ne5 12. Nxe5 fxe5 13. Bh2 e6 14. c4 exd5 15.
cxd5 Qg5 16. Bg3 Bd7 17. h4 Qf5 18. Bg4 Qxg4 19. Qxg4 Bxg4 20. f3 Nxd5 21. fxg4
Rxf1+ 22. Kxf1 Ne3+ 23. Kg1 Nc2 24. Na3 Nxa1 25. Be1 Rc8 26. Kh2 Nc2 27. Bb4
Nxb4 28. Nb5 e4 29. Nxd6 Be5+ 30. g3 Bxd6 31. a3 Rc2+ 32. Kg1 Bc5+ 33. Kf1 Rf2+
34. Ke1 Nd3+ 35. Kd1 e3 36. b4 e2+ 37. Kc2 Kf7 38. Kxd3 e1=Q 39. bxc5 Rd2+ 40.
Kc4 Qc1+ 41. Kb4 a5+ 42. Kxa5 Qxc5+ 43. Ka4 h5 0-1

[Event "Summer Cup"]
[Site "Wellington Chess Club"]
[Date "2021.02.25"]
[Round "5.31"]
[White "Cooke, Xandi"]
[Black "Bielski, Nikolas"]
[Result "1-0"]
[WhiteElo "1475"]
[BlackElo "1515"]

1. d4 Nf6 2. c4 g6 3. Nc3 Bg7 4. Nf3 d5 5. Bg5 O-O { I did not expect this
blunder already. I thought it was quite a simple tactic that was missed here. }
6. Bxf6 Bxf6 7. Nxd5 Bg7 8. e3 Bg4 9. Be2 Nd7 10. Qb3 e6 11. Nc3 { I was lucky
to have made this move as I was considering the (worse) Nf4 } 11... Qc8 12. O-O
c5 13. h3 Bxf3 14. Bxf3 Rb8 15. Nb5 { I actually thought this was really good
as after a6 I had Nd6 which had good pressure. But engine gives advantage to
black here } 15... Nb6 { From -0.3 to +4.0 with this move } 16. Nxa7 Qc7 17.
Nb5 Qc8 18. Nd6 Qc7 { I knew here that actually Nxb7 wasnt that amazing but i
thought he might blunder due to his streak of quick moves. So i risked it. }
19. Nxb7 Rxb7 { Perfect response from my POV. } 20. Bxb7 { If Qx just dxc5 with
a pin. } 20... cxd4 21. Ba6 dxe3 22. fxe3 Rb8 23. Bb5 Nc8 24. Rfd1 Qg3 { This
allows a really good attack from white that is very strong } 25. Rd8+ Bf8 26.
Qa3 Nd6 27. Rxb8 Kg7 28. Qc3+ e5 29. Rxf8 Kxf8 30. Rd1 Ne4 31. Qe1 Qg5 32. b4
Qe7 33. Bc6 Nd6 34. c5 Nc8 35. Rd7 Qe6 36. Rd8+ Ke7 37. Rxc8 Qxc8 38. Qh4+ Kf8
39. b5 h5 40. Qf6 Qc7 41. Qd6+ Qxd6 42. cxd6 { Black Resings after a good game!
} 1-0

[Event "Summer Cup"]
[Site "Wellington Chess Club"]
[Date "2021.03.18"]
[Round "6.1"]
[White "Wojnar, Jacek"]
[Black "Croad, Nicolas"]
[Result "1-0"]
[WhiteElo "2057"]
[BlackElo "2455"]

1. e4 e5 2. Nf3 Nc6 3. d4 exd4 4. Nxd4 Nf6 5. Nxc6 bxc6 6. Bd3 Bc5 7. O-O d6 8.
Nc3 O-O 9. Na4 Bb6 10. Bg5 h6 11. Bh4 g5 12. Nxb6 axb6 13. Bg3 Bg4 14. f3 Bh5
15. Qd2 Bg6 16. h4 Nd7 17. hxg5 hxg5 18. f4 gxf4 19. Qxf4 Ra5 20. Bh4 Qe8 21.
Bg5 Qe5 22. Qxe5 Rxe5 23. Bf4 Ra5 24. a3 Re8 25. Rae1 Ra4 26. Bd2 Re6 27. Bb4
Ra8 28. Bc3 Rae8 29. Rf4 Ne5 30. g4 Kf8 31. Bxe5 Rxe5 32. Kf2 d5 33. Kf3 Kg7
34. Re2 d4 35. Rh2 Rh8 36. Rxh8 Kxh8 37. Rf6 Rc5 38. Kf4 Kg7 39. g5 Bh5 40. b3
b5 41. e5 Bd1 42. g6 Bh5 43. Rxf7+ Kg8 44. Rxc7 Bd1 45. Bf5 1-0

[Event "Summer Cup"]
[Site "Wellington Chess Club"]
[Date "2021.03.18"]
[Round "6.2"]
[White "Cilia Vincenti, David"]
[Black "Ker, Anthony"]
[Result "0-1"]
[WhiteElo "2276"]
[BlackElo "2440"]

1. d4 Nf6 2. c4 e6 3. Nc3 Bb4 4. Qc2 Nc6 5. Nf3 d6 6. Bd2 Qe7 7. a3 Bxc3 8.
Bxc3 O-O 9. b4 e5 10. dxe5 Nxe5 11. Nxe5 dxe5 12. g3 Be6 13. Bxe5 Bxc4 14. Qb2
Rfe8 15. Bxf6 gxf6 16. e3 Bd5 17. Rg1 a5 18. O-O-O Be4 19. Bd3 axb4 20. axb4
Ra4 21. Bxe4 Rxb4 22. Bxh7+ Kxh7 23. Qc2+ Kg7 24. Rd5 Ra8 25. Rgd1 Rba4 26. Qf5
Qb4 27. R1d4 Ra1+ 28. Kc2 Qb1+ 29. Kc3 R8a3+ 0-1

[Event "Summer Cup"]
[Site "Wellington Chess Club"]
[Date "2021.03.18"]
[Round "6.3"]
[White "Wastney, Scott"]
[Black "Winter, Ryan"]
[Result "1-0"]
[WhiteElo "2434"]
[BlackElo "2165"]

1. e4 c5 2. Nf3 e6 3. g3 Nc6 4. Bg2 Nf6 5. Nc3 Be7 6. O-O d6 7. d4 cxd4 8. Nxd4
Bd7 9. Re1 Qc7 10. Ndb5 Qb8 11. Bg5 a6 12. Bxf6 gxf6 13. Nd4 Qc7 14. Nxc6 Bxc6
15. Qh5 Rf8 16. Re3 b5 17. Rae1 Qb7 18. Nd5 Bxd5 19. exd5 e5 20. Rc3 Bd8 21.
Rc6 Ke7 22. Qxh7 Bb6 23. Qf5 Rg8 24. Rxd6 Kxd6 25. Qxf6+ Kc5 26. d6 1-0

[Event "Summer Cup"]
[Site "Wellington Chess Club"]
[Date "2021.03.18"]
[Round "6.4"]
[White "Tanoi, Edward"]
[Black "Wojnar, Maciej"]
[Result "0-1"]
[WhiteElo "1934"]
[BlackElo "2101"]

1. d4 f5 2. Bg5 h6 3. Bh4 g5 4. e4 Bg7 5. Bg3 fxe4 6. Nc3 d5 7. Qd2 Bf5 8. Bb5+
c6 9. Be2 Nf6 10. Nh3 e6 11. Be5 Nbd7 12. g4 Bg6 13. Nxg5 hxg5 14. Qxg5 Kf7 15.
h4 Bh6 16. Bxf6 Bxg5 17. Bxd8 Bxd8 18. h5 Bh7 19. O-O-O Bg5+ 20. Kb1 e5 21. f3
exf3 22. Bxf3 e4 23. Be2 Ke7 24. b4 Raf8 25. b5 Rf2 26. a4 Rhf8 27. a5 Rg2 28.
a6 bxa6 29. bxc6 Rb8+ 30. Ka1 Nf6 31. Bxa6 Rb6 32. Bb7 Rxc2 33. Na4 Rb4 34. Nc5
Rbb2 35. Na4 Ra2+ 36. Kb1 e3 37. Rc1 Rcb2# 0-1

[Event "Summer Cup"]
[Site "Wellington Chess Club"]
[Date "2021.03.18"]
[Round "6.5"]
[White "Dive, Russell"]
[Black "Hall, Nathan"]
[Result "1-0"]
[WhiteElo "2407"]
[BlackElo "1867"]

1. Nf3 c5 2. c4 g6 3. Nc3 Bg7 4. d4 cxd4 5. Nxd4 Nc6 6. Nb3 Nf6 7. e4 d6 8. Be2
Be6 9. O-O a5 10. Be3 O-O 11. f4 Qb8 12. Rc1 a4 13. Nd2 a3 14. b3 Nb4 15. h3
Bd7 16. c5 Rc8 17. Nc4 Ra6 18. e5 Ne8 19. Qd2 d5 20. Nb6 Rxb6 21. cxb6 e6 22.
Na4 Rxc1 23. Rxc1 Nc6 24. Nc5 Bc8 25. Bb5 f6 26. Bxc6 bxc6 27. b7 fxe5 28.
bxc8=Q Qxc8 29. fxe5 Bxe5 30. Bd4 Bd6 31. Qe3 Nc7 32. Re1 1-0

[Event "Summer Cup"]
[Site "Wellington Chess Club"]
[Date "2021.03.18"]
[Round "6.6"]
[White "Robinson, Max"]
[Black "Russell, Athula"]
[Result "0-1"]
[WhiteElo "1805"]
[BlackElo "2261"]

1. d4 d5 2. c4 e6 3. Nf3 Nf6 4. g3 c6 5. Bg2 dxc4 6. a4 b5 7. Ne5 Nd5 8. O-O
Bb7 9. b3 cxb3 10. Qxb3 b4 11. a5 Be7 12. e4 Nc7 13. Rd1 O-O 14. Na3 Nba6 15.
Nc2 Rb8 16. Bd2 c5 17. dxc5 Nxc5 18. Qxb4 Nd3 19. Qc3 Bf6 20. Bg5 Bxe5 21. Bxd8
Bxc3 22. Bxc7 Rbc8 23. Ra3 Nb2 24. Rd7 Bf6 25. Rb3 Bc6 26. Rd6 Rxc7 27. Nb4 Ba4
0-1

[Event "Summer Cup"]
[Site "Wellington Chess Club"]
[Date "2021.03.18"]
[Round "6.7"]
[White "Sellen, Ian"]
[Black "Pomeroy, Arthur"]
[Result "1/2-1/2"]
[WhiteElo "2044"]
[BlackElo "2039"]

1. c4 e5 2. Nc3 Nf6 3. Nf3 Nc6 4. g3 d5 5. cxd5 Nxd5 6. Bg2 Nde7 7. O-O g6 8.
d3 Bg7 9. Rb1 O-O 10. Bd2 a5 11. a3 Nd4 12. Nxd4 exd4 13. Ne4 h6 14. Nc5 Ra7
15. e4 dxe3 16. Bxe3 b6 17. Nb3 Ba6 18. Nc1 Nf5 19. b4 axb4 20. axb4 Nxe3 21.
fxe3 Bb5 22. Qb3 Qe8 23. Re1 Bc6 24. b5 Bxg2 25. Kxg2 Qe7 26. Re2 Rfa8 27. Qb4
Qd7 28. Rc2 Ra4 29. Qb3 Qe7 30. Kf2 h5 31. Qd5 Re8 32. Qf3 h4 33. g4 Qd7 34. h3
Bh6 35. e4 Ra3 36. Nb3 Bg7 37. Nc1 Re6 38. g5 Re5 39. Qf4 Qxh3 40. Rxc7 Qg3+
41. Qxg3 hxg3+ 42. Kxg3 Rxg5+ 43. Kf3 Be5 44. Rc8+ Kg7 45. Rd8 Rh5 46. Rd5 Kf6
{Draw agreed 1/2-1/2} 1/2-1/2

[Event "Summer Cup"]
[Site "Wellington Chess Club"]
[Date "2021.03.18"]
[Round "6.8"]
[White "Brockway, Andrew"]
[Black "Forster, Bill"]
[Result "1/2-1/2"]
[WhiteElo "1817"]
[BlackElo "2038"]

1. d4 c5 2. d5 e5 3. e4 d6 4. Ne2 g6 5. Nbc3 Bg7 6. h4 h5 7. Bg5 Qa5 8. Nc1 a6
9. Nb3 Qc7 10. a4 b6 11. g3 Nd7 12. Bh3 Ngf6 13. Bxf6 Nxf6 14. Bxc8 Qxc8 15. f3
O-O 16. Nd2 Qd7 17. Nc4 Rab8 18. Kf2 Kh7 19. Kg2 Ng8 20. Qd3 b5 21. axb5 axb5
22. Na5 Ne7 23. Nc6 Nxc6 24. dxc6 Qxc6 25. Nd5 Ra8 26. Rhd1 c4 27. Qd2 Bh6 28.
Qe2 Rxa1 29. Rxa1 Ra8 30. Rxa8 Qxa8 31. b3 Qa2 32. bxc4 bxc4 33. Nb4 Qb1 34.
Qxc4 Kg7 35. Nd5 { (=) } 35... Qd1 36. Qd3 Qe1 37. Qf1 Qxf1+ { (=) Draw agreed
} 1/2-1/2

[Event "Summer Cup"]
[Site "Wellington Chess Club"]
[Date "2021.03.18"]
[Round "6.9"]
[White "Stone, Andrew"]
[Black "Shyamsundar, Tejas"]
[Result "1-0"]
[WhiteElo "2037"]
[BlackElo "1647"]

1. e4 c6 2. c4 e6 3. Nc3 Bb4 4. Qb3 Qe7 5. d4 a5 6. a3 Bxc3+ 7. bxc3 d5 8. e5
a4 9. Qc2 Qc7 10. Nf3 Ne7 11. Rb1 c5 12. Bd3 dxc4 13. Bxc4 cxd4 14. cxd4 O-O
15. O-O Bd7 16. Ng5 g6 17. Ne4 Rc8 18. Nd6 Na6 19. Rxb7 Qc6 20. Qd3 Nf5 21.
Bxa6 Nxd6 22. exd6 Qxc1 23. Rxd7 Qc6 24. Bxc8 Rxc8 25. Rc7 1-0